000 00725cam a22002533a 4500
001 20677
003 PGUSA
005 20140828083436.0
008 070203s2007||||xxu|||||s|||||000 | eng d
040 _aPGUSA
_beng
042 _adc
050 4 _aHX
100 1 _aBakunin, Mikhail Aleksandrovic,
_d1814-1876
245 1 0 _aGod and the State
_h[electronic resource] /
_cMikhail Aleksandrovic Bakunin
260 _bProject Gutenberg,
_c2007
506 _aPublic domain in the USA.
516 _aElectronic text
653 _aAnarchism
653 _aAtheism
653 _aChristianity -- Controversial literature
830 0 _aProject Gutenberg
_v20677
856 4 0 _uhttp://www.gutenberg.org/ebooks/20677
942 _cEB
999 _c249932
_d249932